Statistics for Dominant Capitals

Click here to take the quiz!

General Stats

  • This quiz has been taken 21 times
  • The average score is 2 of 5

Answer Stats

%Answer% Correct
100Singapore
83%
100Vatican City
83%
54.45Djibouti
22%
66.85Doha
17%
65.97Nassau
0%

Score Distribution

Percentile by Number Answered

Percent of People with Each Score

Your Score History

You have not taken this quiz